Guess the 1970s song lyrics #50 - Statistics

General Stats
  • This quiz has been taken 43 times
  • The average score is 139 of 208
Answer Stats
Answer % Correct
a
97%
I
97%
the
97%
you
97%
You
97%
love
94%
be
91%
When
91%
me
86%
my
83%
do
80%
ever
80%
that
80%
That
80%
And
77%
In
77%
to
77%
you're
74%
You're
74%
is
71%
one
71%
see
71%
want
71%
best
69%
had
69%
know
69%
make
69%
Oh
69%
with
69%
can
66%
things
66%
all
63%
are
63%
I'll
63%
only
63%
this
63%
at
60%
by
60%
I'm
60%
friend
57%
It's
57%
I've
57%
live
57%
Live
57%
really
57%
time
57%
Been
54%
been
54%
But
54%
got
54%
out
54%
never
51%
now
51%
Ooh
51%
ooh
51%
world
51%
you've
51%
come
49%
girl
49%
help
49%
long
46%
or
46%
such
46%
happy
43%
Whenever
43%
around
40%
back
40%
bad
37%
cruel
37%
honey
37%
stood
37%
turn
37%
feelings
34%
give
34%
rain
34%
true
34%
home
31%
lonely
31%
still
31%
Whatever
31%
first
29%
shine
29%
sunshine
26%
forgive
23%
wandering
23%
No matching quizzes found
Score Distribution
Percent of People with Each Score
Percentile by Number Answered
Your Score History
You have not taken this quiz